书目信息 |
| 题名: |
爱读书的孩子,不会变坏
|
|
| 作者: | 宋怡慧 著 | |
| 分册: | ||
| 出版信息: | 北京 北京日报出版社 2017 |
|
| 页数: | 13,207页 | |
| 开本: | 23cm | |
| 丛书名: | ||
| 单 册: | ||
| 中图分类: | G252.17 | |
| 科图分类: | ||
| 主题词: | 青少年--阅读辅导 | |
| 电子资源: | ||
| ISBN: | 978-7-5477-2413-2 | |
| 000 | 01134nam0 2200241 450 | |
| 001 | 2174 | |
| 005 | 20180522171456.95 | |
| 010 | @a978-7-5477-2413-2@dCNY38.00 | |
| 100 | @a20170427d2017 demy0chiy50 ea | |
| 101 | 0 | @achi |
| 102 | @aCN@b110000 | |
| 105 | @ay z 000yy | |
| 200 | 1 | @a爱读书的孩子,不会变坏@9ai du shu de hai zi,bu hui bian huai@f宋怡慧著 |
| 210 | @a北京@c北京日报出版社@d2017 | |
| 215 | @a13,207页@d23cm | |
| 305 | @a通过四川一览文化传播广告有限公司代理,经台湾宝瓶文化事业股份有限公司授权 | |
| 314 | @a宋怡慧,毕业于台湾师范大学国文系、政治大学国文教学研究所。2006年,她接下新北市立丹凤高中图书馆主任一职,而接下这份职务的初衷是她心系着学校的图书室。她希望能帮发霉、无人闻问的图书室大改造,以及在改造后积极推广她一辈子的信仰──阅读。于是,在她带领下,丹凤高中获得了诚品文化艺术基金会五大阅读学校、《亲子天下》晨读十分钟乐读学校、新北市满天星五星阅读学校等荣耀。 | |
| 330 | @a本书讲述了新北市立丹凤高中教务主任宋怡慧向学生们推荐图书的日常小故事。 | |
| 606 | 0 | @a青少年@x阅读辅导 |
| 690 | @aG252.17@v5 | |
| 701 | 0 | @a宋怡慧@9song yi hui@c(女)@4著 |
| 801 | 0 | @aCN@b91MARC@c20170427 |
| 905 | @aMuseLib@dG252.17@e110 | |
| 爱读书的孩子,不会变坏/宋怡慧著.-北京:北京日报出版社,2017 |
| 13,207页;23cm |
| ISBN 978-7-5477-2413-2:CNY38.00 |
| 本书讲述了新北市立丹凤高中教务主任宋怡慧向学生们推荐图书的日常小故事。 |
| ● |
| 相关链接 |
|
|
|
|
正题名:爱读书的孩子,不会变坏
索取号:G252.17/110
 
预约/预借
| 序号 | 登录号 | 条形码 | 馆藏地/架位号 | 状态 | 备注 |
| 1 | 1108253 | 211082530 | 第一样本阅览室/ [索取号:G252.17/110] | 在馆 | |
| 2 | 1108254 | 211082549 | 教育系资料室/ [索取号:G252.17/110] | 在馆 | |
| 3 | 1108255 | 211082558 | 教育系资料室/ [索取号:G252.17/110] | 在馆 | |
| 4 | 1108256 | 211082567 | 第四借阅区/ [索取号:G252.17/110] | 在馆 |